|
|
|
|
| LEADER |
00000cas a2200000 c 4500 |
| 001 |
130101664 |
| 003 |
DE-627 |
| 005 |
20260207123415.0 |
| 007 |
tu |
| 008 |
931116d19681991gw z| m| 0 |0ger c |
| 016 |
7 |
|
|a 01262327X
|2 DE-101
|
| 016 |
7 |
|
|a 502116-9
|2 DE-600
|
| 035 |
|
|
|a (DE-627)130101664
|
| 035 |
|
|
|a (DE-576)015634213
|
| 035 |
|
|
|a (DE-599)ZDB502116-9
|
| 035 |
|
|
|a (OCoLC)605093579
|
| 040 |
|
|
|a DE-627
|b ger
|c DE-627
|e rakwb
|
| 041 |
|
|
|a ger
|
| 044 |
|
|
|c XA-DE
|
| 082 |
0 |
4 |
|a 050
|q DE-101
|
| 082 |
0 |
4 |
|a 320
|q DE-600
|
| 245 |
0 |
0 |
|a Abhandlungen zu den wirtschaftlichen Staatswissenschaften
|
| 264 |
3 |
1 |
|a Göttingen
|b Vandenhoeck & Ruprecht
|c 1968-1991
|
| 336 |
|
|
|a Text
|b txt
|2 rdacontent
|
| 337 |
|
|
|a ohne Hilfsmittel zu benutzen
|b n
|2 rdamedia
|
| 338 |
|
|
|a Band
|b nc
|2 rdacarrier
|
| 362 |
0 |
|
|a H. 1.1968 - 36.1991[?]
|
| 363 |
0 |
0 |
|a 1
|i 1968
|
| 363 |
1 |
0 |
|a 36
|i 1991
|
| 655 |
|
7 |
|a Monografische Reihe
|0 (DE-588)4179998-7
|0 (DE-627)104628669
|0 (DE-576)209995106
|2 gnd-content
|
| 889 |
|
|
|w (DE-603)009797386
|
| 935 |
|
|
|i sdedup20220817
|
| 936 |
s |
n |
|a a100
|2 mzub
|
| 951 |
|
|
|a ST
|
| ELC |
|
|
|b 1
|
| LOK |
|
|
|0 000 xxxxxcx a22 zn 4500
|
| LOK |
|
|
|0 001 2481318455
|
| LOK |
|
|
|0 003 DE-627
|
| LOK |
|
|
|0 004 130101664
|
| LOK |
|
|
|0 005 20010607000000
|
| LOK |
|
|
|0 008 871016||||||||||||||||ger|||||||
|
| LOK |
|
|
|0 040
|a DE-21
|c DE-627
|d DE-21
|
| LOK |
|
|
|0 852
|a DE-21
|
| LOK |
|
|
|0 852 1
|9 00
|
| LOK |
|
|
|0 866
|x NAK
|
| LOK |
|
|
|0 935
|a konv
|
| LOK |
|
|
|0 939
|a 16-10-87
|b l01
|
| LOK |
|
|
|0 000 xxxxxcx a22 zn 4500
|
| LOK |
|
|
|0 001 2481318463
|
| LOK |
|
|
|0 003 DE-627
|
| LOK |
|
|
|0 004 130101664
|
| LOK |
|
|
|0 005 20010619000000
|
| LOK |
|
|
|0 008 971127||||||||||||||||ger|||||||
|
| LOK |
|
|
|0 040
|a DE-21-24
|c DE-627
|d DE-21-24
|
| LOK |
|
|
|0 852
|a DE-21-24
|
| LOK |
|
|
|0 852 1
|m p
|9 00
|
| LOK |
|
|
|0 938
|k p
|
| LOK |
|
|
|0 939
|a 27-11-97
|b l01
|
| LOK |
|
|
|0 000 xxxxxcx a22 zn 4500
|
| LOK |
|
|
|0 001 2481318471
|
| LOK |
|
|
|0 003 DE-627
|
| LOK |
|
|
|0 004 130101664
|
| LOK |
|
|
|0 005 20010619000000
|
| LOK |
|
|
|0 008 910418||||||||||||||||ger|||||||
|
| LOK |
|
|
|0 040
|a DE-21-19
|c DE-627
|d DE-21-19
|
| LOK |
|
|
|0 852
|a DE-21-19
|
| LOK |
|
|
|0 852 1
|m p
|9 00
|
| LOK |
|
|
|0 938
|k p
|
| LOK |
|
|
|0 939
|a 18-04-91
|b l01
|
| LOK |
|
|
|0 000 xxxxxcx a22 zn 4500
|
| LOK |
|
|
|0 001 2563435293
|
| LOK |
|
|
|0 003 DE-627
|
| LOK |
|
|
|0 004 130101664
|
| LOK |
|
|
|0 005 20080215161730
|
| LOK |
|
|
|0 008 080215||||||||||||||||ger|||||||
|
| LOK |
|
|
|0 040
|a DE-21-46
|c DE-627
|d DE-21-46
|
| LOK |
|
|
|0 852
|a DE-21-46
|
| LOK |
|
|
|0 852 1
|m p
|9 00
|
| LOK |
|
|
|0 935
|a k046
|a i046
|a kneu
|
| LOK |
|
|
|0 938
|k p
|
| LOK |
|
|
|0 939
|a 15-02-08
|b l01
|
| LOK |
|
|
|0 000 xxxxxcx a22 zn 4500
|
| LOK |
|
|
|0 001 2820695973
|
| LOK |
|
|
|0 003 DE-627
|
| LOK |
|
|
|0 004 130101664
|
| LOK |
|
|
|0 005 20141113114643
|
| LOK |
|
|
|0 008 141113||||||||||||||||ger|||||||
|
| LOK |
|
|
|0 040
|a DE-21-121
|c DE-627
|d DE-21-121
|
| LOK |
|
|
|0 852
|a DE-21-121
|
| LOK |
|
|
|0 852 1
|m p
|9 00
|
| LOK |
|
|
|0 935
|a k121
|a i121
|
| LOK |
|
|
|0 938
|k p
|
| LOK |
|
|
|0 939
|a 13-11-14
|b l01
|
| LOK |
|
|
|0 000 xxxxxcx a22 zn 4500
|
| LOK |
|
|
|0 001 4349669418
|
| LOK |
|
|
|0 003 DE-627
|
| LOK |
|
|
|0 004 130101664
|
| LOK |
|
|
|0 005 20230707164212
|
| LOK |
|
|
|0 008 230707||||||||||||||||ger|||||||
|
| LOK |
|
|
|0 040
|a DE-21-17
|c DE-627
|d DE-21-17
|
| LOK |
|
|
|0 852
|a DE-21-17
|
| LOK |
|
|
|0 852 1
|m p
|9 00
|
| LOK |
|
|
|0 938
|k p
|
| LOK |
|
|
|0 939
|a 07-07-23
|b l01
|
| LOK |
|
|
|0 000 xxxxxcx a22 zn 4500
|
| LOK |
|
|
|0 001 2983691543
|
| LOK |
|
|
|0 003 DE-627
|
| LOK |
|
|
|0 004 130101664
|
| LOK |
|
|
|0 005 20171010094600
|
| LOK |
|
|
|0 008 171010||||||||||||||||ger|||||||
|
| LOK |
|
|
|0 040
|a DE-Frei85
|c DE-627
|d DE-Frei85
|
| LOK |
|
|
|0 852
|a DE-Frei85
|
| LOK |
|
|
|0 852 1
|m p
|9 00
|
| LOK |
|
|
|0 938
|k p
|
| LOK |
|
|
|0 939
|a 10-10-17
|b l01
|
| ORI |
|
|
|a SA-MARC-krimdokb001.raw
|
| SPR |
|
|
|a 1
|t KRI
|